000 00272nam a22001217a 4500
008 181102b xxu||||| |||| 00| 0 eng d
041 _aeng
080 _a316
100 _a48
101 _aEDU
245 _aDimension Of Human Behavio
_cElizabeth.D.H
942 _2udc
_cBK
999 _c51762
_d51762